000 00583nam a2200205Ia 4500
005 20260415160351.0
008 008 250505s9999 xx 000 0 eng d
037 _aTextual
040 _aFEDL
_beng
_cFEDL
041 _aeng
_2eng
084 _a155.4 DRE
_qFEDL
100 _aDrever James
_983520
245 0 _aPsychology of the pre - school child
260 _aLondon, UK
_bP. S. King and Sons
300 _a221p
650 _aChild psychology
700 _a Drummond Margaret
_9756121
942 _cTEXL
_h155.4 DRE
999 _c1322161
_d1322161